Distribution par images - Les Visiteurs - Statistiques

Statistiques générales
  • Ce quiz a été pris 102 fois
  • Le résultat moyen est 5 sur 9
Statistiques - réponses
Par images Hint Réponse % Correct
Jacquouille la Fripouille Christian Clavier
100%
Godefroy de Montmirail Jean Reno
98%
Fabienne Morlot Isabelle Nanty
90%
Béatrice Goulard Valérie Lemercier
89%
Ginette Sarcley Marie-Anne Chazel
80%
Jean-Pierre Goulard Christian Bujeau
22%
Bauvin Didier Bénureau
22%
Jacqueline Arièle Semenoff
12%
Gibon Jean-Paul Muel
9%
Aucun quiz correspondant
Distribution des résultats
% des personnes avec chaque résultat
Percentile par nombre de réponses
Votre historique - résultats
Vous n’avez pas pris ce quiz